[Event "Tournoi francophone 003 Groupe B"]
[Site "Skype"]
[Date "????.??.??"]
[Round "7.2"]
[White "Porcabeuf, Jean-Marc"]
[Black "Malbec, Robert"]
[Result "0-1"]
[WhiteElo "1380"]
[BlackElo "1441"]
[PlyCount "50"]

1. d4 d5 2. e3 Nf6 3. Nd2 Bg4 4. f3 Bd7 5. Bd3 g6 6. c3 Bg7 7. Ne2 O-O 8. O-O
Nc6 9. Ng3 e5 10. e4 Re8 11. f4 exf4 12. Rxf4 Bh6 13. Rf2 Be3 14. Qf3 Bxf2+ 15.
Qxf2 dxe4 16. Ndxe4 Ng4 17. Qf4 f5 18. Ng5 Re1+ 19. Nf1 Ne7 20. Qf3 Bc6 21. Qh3
h5 22. Bc4+ Bd5 23. Bd3 Qd6 24. Nf3 Bxf3 25. Qxf3 Qxh2# 0-1

[Event "Tournoi francophone 003 Groupe B"]
[Site "Skype"]
[Date "????.??.??"]
[Round "7.3"]
[White "Sauvaget, Joel"]
[Black "Rochette, Mathieu"]
[Result "1-0"]
[WhiteElo "1509"]
[BlackElo "1589"]
[PlyCount "81"]

1. d4 Nf6 2. c4 e6 3. e3 b6 4. Nf3 Bb7 5. Be2 Bb4+ 6. Bd2 Be7 7. Bc3 O-O 8. O-O
d6 9. Nbd2 Nbd7 10. Re1 c5 11. Nf1 Rc8 12. b3 Ne4 13. Bb2 Ndf6 14. h3 Nh5 15.
N1d2 f5 16. Nxe4 fxe4 17. Nh2 Bh4 18. Rf1 Qf6 19. Bxh5 Bxf2+ 20. Kh1 Qg5 21.
Ng4 Bxe3 22. Nxe3 Qxe3 23. Bg4 Rce8 24. d5 exd5 25. cxd5 Bc8 26. Be6+ Bxe6 27.
dxe6 Rxe6 28. Qg4 Rg6 29. Rxf8+ Kxf8 30. Qc8+ Ke7 31. Qc7+ Ke6 32. Qc8+ Ke7 33.
Qc7+ Ke6 34. Rd1 Kf5 35. Qd7+ Re6 36. Rf1+ Kg6 37. Qxg7+ Kh5 38. Qxh7+ Rh6 39.
Rf5+ Kh4 40. Bf6+ Kg3 41. Qg7+ 1-0

[Event "Tournoi francophone 003 Groupe B"]
[Site "Skype"]
[Date "????.??.??"]
[Round "7.4"]
[White "Gharbi, Said"]
[Black "Briere, Jean"]
[Result "1-0"]
[WhiteElo "1567"]
[BlackElo "1556"]
[PlyCount "39"]

1. e4 e5 2. d4 exd4 3. c3 Nc6 4. cxd4 d6 5. Bb5 Bd7 6. Nf3 Nf6 7. O-O Nxe4 8.
Re1 d5 9. Nc3 Bf5 10. Bxc6+ bxc6 11. Ne5 Qf6 12. Nxd5 cxd5 13. f3 Bd6 14. Qa4+
Kf8 15. fxe4 Bxe5 16. exf5 Bxd4+ 17. Kh1 g6 18. Bh6+ Kg8 19. Re8+ Rxe8 20.
Qxe8# 1-0

[Event "Tournoi francophone 003 Groupe B"]
[Site "Skype"]
[Date "????.??.??"]
[Round "8.2"]
[White "Briere, Jean"]
[Black "De Coninck, Philippe"]
[Result "0-1"]
[WhiteElo "1556"]
[BlackElo "1461"]
[PlyCount "64"]

1. e4 e5 2. Nf3 Nf6 3. Nc3 Nc6 4. Bc4 Nxe4 5. Bxf7+ Kxf7 6. Nxe4 Be7 7. d4 d5
8. Neg5+ Bxg5 9. Nxg5+ Ke7 10. dxe5 h6 11. Nf3 Bg4 12. O-O Qd7 13. Re1 Raf8 14.
Qd3 Bxf3 15. gxf3 Kd8 16. f4 Qe6 17. Be3 a6 18. c4 Ne7 19. cxd5 Nxd5 20. Red1
c6 21. Rac1 Rf5 22. Rc4 Kc7 23. Rd4 Rd8 24. a3 g5 25. fxg5 hxg5 26. f4 gxf4 27.
Bxf4 Nxf4 28. Qd2 Rxd4 29. Qxd4 Ne2+ 30. Kh1 Nxd4 31. Rxd4 Qxe5 32. Rd1 Qe4+
0-1

[Event "Tournoi francophone 003 Groupe B"]
[Site "Skype"]
[Date "????.??.??"]
[Round "8.3"]
[White "Rochette, Mathieu"]
[Black "Gharbi, Said"]
[Result "1-0"]
[WhiteElo "1589"]
[BlackElo "1567"]
[PlyCount "29"]

1. Nf3 Nc6 2. d4 d5 3. c4 e6 4. Nc3 b6 5. Bg5 Be7 6. Bxe7 Ngxe7 7. e3 Ba6 8.
Qa4 Qc8 9. Ne5 Qb7 10. cxd5 Bxf1 11. dxc6 Nxc6 12. Rxf1 O-O 13. Qxc6 Qc8 14.
Nb5 Rd8 15. Nxc7 1-0

[Event "Tournoi francophone 003 Groupe B"]
[Site "Skype"]
[Date "????.??.??"]
[Round "8.4"]
[White "Malbec, Robert"]
[Black "Sauvaget, Joel"]
[Result "0-1"]
[WhiteElo "1441"]
[BlackElo "1509"]
[PlyCount "73"]

1. e4 e5 2. Nf3 d6 3. d4 exd4 4. Nxd4 Nf6 5. Bd3 Be7 6. h3 Bd7 7. O-O Nc6 8.
Nf3 Qc8 9. Bf4 O-O 10. Nbd2 Nh5 11. Bh2 g6 12. Kh1 Bf6 13. c3 Re8 14. Ng1 Be5
15. f4 Bf6 16. g4 Ng7 17. Qf3 Nd8 18. g5 Be7 19. Qg3 Bc6 20. Rae1 Nde6 21. Ngf3
Nh5 22. Qh4 Neg7 23. Nd4 Bd7 24. Rf3 c5 25. Ne2 Bc6 26. Ng3 Nxg3+ 27. Bxg3 Nh5
28. f5 Nxg3+ 29. Qxg3 Bd8 30. Qh4 Kh8 31. Nc4 Bc7 32. Nxd6 Bxd6 33. f6 Re5 34.
Qh6 Bf8 35. Qh4 Qd8 36. Qg3 Bd6 37. h4 0-1

[Event "Tournoi francophone 003 Groupe B"]
[Site "Skype"]
[Date "????.??.??"]
[Round "8.5"]
[White "Fouquereau, Andre"]
[Black "Porcabeuf, Jean-Marc"]
[Result "1-0"]
[WhiteElo "1438"]
[BlackElo "1380"]
[PlyCount "47"]

1. e4 e5 2. Nf3 d6 3. c3 Nf6 4. Be2 a6 5. Qc2 c5 6. d3 Nc6 7. O-O h6 8. Rd1 Be7
9. d4 cxd4 10. cxd4 d5 11. dxe5 Nxe4 12. Nc3 Ng5 13. Bxg5 hxg5 14. Rxd5 Qc7 15.
g3 Bd7 16. Rad1 Kf8 17. Rxd7 Qb6 18. Nd5 Qa5 19. Nxe7 g4 20. Nxc6 bxc6 21. Qf5
f6 22. Qxg4 Rh7 23. exf6 gxf6 24. Rxh7 1-0

[Event "Tournoi francophone 003 Groupe B"]
[Site "Skype"]
[Date "????.??.??"]
[Round "9.1"]
[White "Porcabeuf, Jean-Marc"]
[Black "Le Brun, Yves"]
[Result "0-1"]
[WhiteElo "1380"]
[BlackElo "1623"]
[PlyCount "70"]

1. d4 Nf6 2. c4 d5 3. Nc3 c6 4. e3 e6 5. a3 Nbd7 6. Nf3 Bd6 7. cxd5 exd5 8. Bd3
O-O 9. O-O Re8 10. Re1 Nf8 11. e4 dxe4 12. Nxe4 Nxe4 13. Bxe4 h6 14. h3 Be6 15.
Bd2 Qd7 16. Qc2 Re7 17. Re3 f5 18. Bd3 f4 19. Re2 Rae8 20. Rae1 Bd5 21. Bf5 Qd8
22. Ne5 Bxe5 23. dxe5 f3 24. gxf3 Bxf3 25. Re3 Qd5 26. Rd3 Rxe5 27. Rxd5 Rxe1+
28. Bxe1 Rxe1+ 29. Kh2 Bxd5 30. Qd2 Rh1+ 31. Kg3 Rg1+ 32. Kh2 Rg2+ 33. Kh1
Rxf2+ 34. Be4 Rxd2 35. Bxd5+ cxd5 0-1

[Event "Tournoi francophone 003 Groupe B"]
[Site "Skype"]
[Date "????.??.??"]
[Round "9.2"]
[White "Sauvaget, Joel"]
[Black "Fouquereau, Andre"]
[Result "1-0"]
[WhiteElo "1509"]
[BlackElo "1438"]
[PlyCount "75"]

1. d4 d5 2. Nf3 Nf6 3. e3 e6 4. Bd3 Bd6 5. Nbd2 O-O 6. O-O c6 7. Re1 Qc7 8. h3
Re8 9. e4 dxe4 10. Nxe4 Nxe4 11. Bxe4 Nd7 12. Qd3 Nf6 13. Bg5 Nxe4 14. Rxe4 e5
15. Rh4 g6 16. Re1 Bf5 17. Qd2 e4 18. Bf6 Bf8 19. Ng5 h6 20. Be5 Qe7 21. Nxe4
Qxh4 22. Nf6+ Kg7 23. Nxe8+ Kh7 24. Nf6+ Kg7 25. Nd7+ Kg8 26. Nxf8 Kxf8 27.
Bd6+ Kg8 28. Qe3 Be6 29. a3 Qg5 30. Bf4 Qf6 31. Bxh6 Kh7 32. Bg5 Qg7 33. Bf4
Kg8 34. Be5 Qh7 35. Rf1 Re8 36. Bf6 Bd7 37. Qg3 Qh4 38. Bxh4 1-0

[Event "Tournoi francophone 003 Groupe B"]
[Site "Skype"]
[Date "????.??.??"]
[Round "9.3"]
[White "Gharbi, Said"]
[Black "Malbec, Robert"]
[Result "1-0"]
[WhiteElo "1567"]
[BlackElo "1441"]
[PlyCount "41"]

1. e4 e5 2. d4 d6 3. dxe5 dxe5 4. Qxd8+ Kxd8 5. Nf3 Nc6 6. Bb5 Bd6 7. O-O Nf6
8. Rd1 h6 9. Bxc6 bxc6 10. Nxe5 Ke8 11. Nxc6 Bb7 12. e5 Be7 13. Nxe7 Kxe7 14.
exf6+ gxf6 15. Bf4 Rad8 16. Nc3 Rhg8 17. g3 Rd7 18. Re1+ Kd8 19. Bxh6 Re8 20.
Bg7 Rde7 21. Bxf6 1-0

[Event "Tournoi francophone 003 Groupe B"]
[Site "Skype"]
[Date "????.??.??"]
[Round "9.4"]
[White "De Coninck, Philippe"]
[Black "Rochette, Mathieu"]
[Result "0-1"]
[WhiteElo "1461"]
[BlackElo "1589"]
[PlyCount "66"]

1. e4 c5 2. Nf3 d6 3. d4 cxd4 4. Nxd4 Nf6 5. Nc3 e6 6. Be2 Be7 7. Be3 Bd7 8.
O-O a6 9. Qd2 Nc6 10. Rad1 O-O 11. Nf3 Rc8 12. h3 Qc7 13. Bg5 h6 14. Bxf6 Bxf6
15. Qxd6 Bxc3 16. bxc3 Rfd8 17. Qxc7 Rxc7 18. Rd6 Kf8 19. Rfd1 Ke7 20. Nh4 Ne5
21. f4 Nc4 22. Bxc4 Rxc4 23. Nf3 Rxc3 24. Ne5 Rc7 25. c4 f6 26. Ng6+ Ke8 27. f5
e5 28. Rc1 Rdc8 29. Rb6 Bc6 30. c5 Bxe4 31. Re6+ Kf7 32. g4 Bd5 33. Rd6 Bxa2
0-1